| 000 | 00535cam a2200205ua 4500 | ||
|---|---|---|---|
| 020 | _c16.00 | ||
| 041 |
_aeng _h |
||
| 082 |
_a530 _bFEY/FE |
||
| 100 | _aFeyman, Richard P . | ||
| 245 |
_aFeyman lectures on physics vol-1 / _cRichard P Feyman. _hTextual Documents |
||
| 250 |
_a1 / _b. |
||
| 260 |
_aLondon : _bAddison-Wesley Publishing Company , _c1966. |
||
| 300 | _a326 ; . | ||
| 365 | _a16.00 | ||
| 504 | _a | ||
| 700 | 1 | _aLeighton, Robert B . | |
| 700 | 1 | _aSands, Mathew . | |
| 942 | _cBK | ||
| 999 |
_c7447 _d7447 |
||